| 000 | 00402nam a2200157Ia 4500 | ||
|---|---|---|---|
| 003 | OSt | ||
| 005 | 20230606105436.0 | ||
| 008 | 211028s2010 xx 000 0 und d | ||
| 040 | _cAIMIT LIBRARY | ||
| 041 | _aeng | ||
| 100 |
_aRani, Nisha M S; Kaudri, Medha. _98240 _e081916 |
||
| 110 |
_aMedha Kaudri _98241 |
||
| 245 | _aZP action plan automation. | ||
| 260 |
_aMangalore _c2010 |
||
| 942 |
_2ddc _cPRO |
||
| 999 |
_c219789 _d219789 |
||